000 00458nam a2200181Ia 4500
005 20250326141426.0
008 250326s9999 xx 000 0 und d
037 _aTextbook
040 _aFMSL
_beng
_cFMSL
041 _aeng
_2eng
084 _qFMSL
100 _aDebroy B
245 0 _aGlobal and Indian trade policy changes
_cDebroy B
260 _aDelhi
_bDelhi, Anupam Pub.
_c1992
300 _a253p
942 _cTB
999 _c1290252
_d1290252